|
|
|
|
| LEADER |
00000naa a2200000uu 4500 |
| 001 |
vtls010939850 |
| 003 |
SK-MaSNL |
| 005 |
20260302122954.0 |
| 008 |
220810|1999 xo |||||||||||||||||cze| |
| 015 |
|
|
|a SNBRA
|
| 035 |
|
|
|a (urnnbn)urn:nbn:sk:snk:ar-a0baty
|
| 035 |
|
|
|a (uuid)169b33db-6d27-4128-bbaf-04e5b4874143
|
| 035 |
|
|
|a urn:nbn:sk:snk-aau34e
|
| 040 |
|
|
|a SNKBUCL
|b slo
|c SNKBUCL
|e AACR2
|
| 041 |
0 |
|
|a cze
|
| 044 |
|
|
|a xo
|c SK
|
| 100 |
1 |
|
|a Honců, Jan
|4 aut
|9 784770
|
| 245 |
1 |
0 |
|a PŘÍSPĚVEK K VYTVÁŘENÍ DISKRÉTNÍHO MODELU VENTILOVÉHO MECHANISMU OHC
|c Jan Honců
|
| 246 |
3 |
|
|a CONTRIBUTION TO CREATION OF OHC VALVE GEAR DISCRETE MODEL
|
| 773 |
0 |
|
|t 40. medzinárodná konferencia katedier častí a mechanizmov strojov
|d V Žiline : Žilinská univerzita, 1999
|g S. 129-132
|z 807100636X
|
| 954 |
|
|
|a odborná, vedecká literatúra cudzojazyčná (svetová)
|2 lita
|
| 958 |
|
|
|a OND
|
| 958 |
|
|
|a article11
|
| 958 |
|
|
|a chapter
|
| 999 |
|
|
|c 1280608
|d 1282538
|